000
00313nam a22001337a 4500
008
180110b xxu||||| |||| 00| 0 eng d
020
_a
9780757531743
041
_a
eng
080
_2
3 ED
_a
62
100
_a
27
101
_a
ENG
245
_a
EXPERIMENTS IN MODERN ELECTRONICS
_c
POMAKIAN.J.H
942
_2
udc
_c
BK
999
_c
40053
_d
40053